Pensando en elegir (Record no. 11512)

MARC details
000 -LEADER
campo de control de longitud fija 00873nmc a2200301 a 4500
003 - IDENTIFICADOR DE NÚMERO DE CONTROL
campo de control AR-BaBNM
005 - FECHA Y HORA DE LA ÚLTIMA TRANSACCIÓN
campo de control 20251128205450.0
008 - DATOS DE LONGITUD FIJA--INFORMACIÓN GENERAL
campo de control de longitud fija 287119s1993 ||||||||||||||000 | spa||
020 ## - NÚMERO INTERNACIONAL ESTÁNDAR DEL LIBRO
Número Internacional Estándar del Libro 987-99624-1-9
040 ## - FUENTE DE CATALOGACIÓN
Centro/agencia transcriptor AR-BaBNM
100 1# - ENTRADA PRINCIPAL--NOMBRE DE PERSONA
Nombre de persona Wilhelm, Javier
245 10 - MENCIÓN DEL TÍTULO
Título Pensando en elegir
Resto del título orientación vocacional y ocupacional
260 ## - PUBLICACIÓN, DISTRIBUCIÓN, ETC.
Lugar de publicación, distribución, etc. Buenos Aires
Nombre del editor, distribuidor, etc. Ediciones El Hacedor
Fecha de publicación, distribución, etc. 1993
300 0# - DESCRIPCIÓN FÍSICA
Extensión 32 p.
Otros detalles físicos il., diagr.
490 #0 - MENCIÓN DE SERIE
Mención de serie Las cosas claras
650 #4 - PUNTO DE ACCESO ADICIONAL DE MATERIA--TÉRMINO DE MATERIA
Término de materia o nombre geográfico como elemento de entrada SERVICIOS DE ORIENTACION
650 #4 - PUNTO DE ACCESO ADICIONAL DE MATERIA--TÉRMINO DE MATERIA
Término de materia o nombre geográfico como elemento de entrada PSICOLOGOS ESCOLARES
650 #4 - PUNTO DE ACCESO ADICIONAL DE MATERIA--TÉRMINO DE MATERIA
Término de materia o nombre geográfico como elemento de entrada TEORIAS DE LA ORIENTACION
650 #4 - PUNTO DE ACCESO ADICIONAL DE MATERIA--TÉRMINO DE MATERIA
Término de materia o nombre geográfico como elemento de entrada ORIENTACION PROFESIONAL
650 #4 - PUNTO DE ACCESO ADICIONAL DE MATERIA--TÉRMINO DE MATERIA
Término de materia o nombre geográfico como elemento de entrada CURSOS DE ORIENTACION
653 #0 - TÉRMINO DE INDIZACIÓN--NO CONTROLADO
Término no controlado ORIENTACION VOCACIONAL
653 #0 - TÉRMINO DE INDIZACIÓN--NO CONTROLADO
Término no controlado GABINETES PSICOPEDAGOGICOS
653 #0 - TÉRMINO DE INDIZACIÓN--NO CONTROLADO
Término no controlado PSICOPEDAGOGOS
700 1# - ENTRADA AGREGADA--NOMBRE PERSONAL
Nombre de persona Monedero, Fabián
800 1# - PUNTO DE ACCESO ADICIONAL DE SERIE--NOMBRE DE PERSONA
Nombre de persona Bombini, Gustavo
Término indicativo de función/relación director
942 ## - ELEMENTOS DE ENTRADA SECUNDARIOS (KOHA)
Tipo de ítem Koha Libros
998 ## - INFORMACIÓN DE CONTROL LOCAL (RLIN)
Iniciales del catalogador, CIN (RLIN) silvi
Holdings
Estatus retirado Estado de pérdida Fuente de la clasificación o esquema de estantería Estado de daño No para préstamo Biblioteca de origen Biblioteca actual Fecha de adquisición Total de préstamos Signatura topográfica completa Código de barras Visto por última vez Precio de reemplazo Tipo de ítem Koha
    Clasificación Decimal Dewey     Liberty Liberty 28/11/2025   37.048 WIL 108081 28/11/2025 28/11/2025 Libros
    Clasificación Decimal Dewey     Liberty Liberty 28/11/2025   37.048 WIL 108082 28/11/2025 28/11/2025 Libros
    Clasificación Decimal Dewey     Liberty Liberty 28/11/2025   37.048 WIL 108083 28/11/2025 28/11/2025 Libros
    Clasificación Decimal Dewey     Liberty Liberty 28/11/2025   37.048 WIL 117593 28/11/2025 28/11/2025 Libros
    Clasificación Decimal Dewey     Liberty Liberty 28/11/2025   37.048 WIL 117594 28/11/2025 28/11/2025 Libros
    Clasificación Decimal Dewey     Liberty Liberty 28/11/2025   37.048 WIL 117595 28/11/2025 28/11/2025 Libros